MESTSKÁ KNIŽNICA GIRALTOVCE  - online katalóg 

Modlitba pro Kateřinu Horovitzovou (Record no. 12006)

000 -NÁVESTIE
fixed length control field 00562nam a2200205 a 4500
008 - ÚDAJE S PEVNOU DĹŽKOU – VŠEOBECNÉ INFORMÁCIE
fixed length control field 960119s1990||||[C 0 cze c
020 ## - MEDZINÁRODNÉ ŠTANDARDNÉ ČÍSLO KNIHY (ISBN)
Medzinárodné štandardné číslo knihy (ISBN) 8020401997
Údaje o dostupnosti 9
040 ## - ZDROJ KATALOGIZÁCIE
Pôvodná katalogizujúca agentúra SNK
Jazyk katalogizácie slo
Prepisujúca agentúra SNK
Konvencie popisu AACR2
041 1# - KÓD JAZYKA
Kód jazyka textu/zvukovej stopy alebo samostatných nápisov cze
044 ## - KÓD KRAJINY VYDAVATEĽA/PRODUCENTA
Kód krajiny MARC CZ
080 ## - ČÍSLO MEDZINÁRODNÉHO DESATINNÉHO TRIEDENIA (MDT)
Číslo Medzinárodného desatinného triedenia (MDT) 885.0-32
080 ## - ČÍSLO MEDZINÁRODNÉHO DESATINNÉHO TRIEDENIA (MDT)
Číslo Medzinárodného desatinného triedenia (MDT) 940.53(=924)
100 1# - OSOBNÉ MENÁ – VŠEOBECNÉ INFORMÁCIE
Osobné meno Lustig, Arnošt
Kód roly aut
245 10 - NÁZOV
Názov Modlitba pro Kateřinu Horovitzovou
Údaj o zodpovednosti atď. Arnošt Lustig ; Ilustr. Josef Velčovský
250 ## - ÚDAJ O PORADÍ VYDANIA
Údaj o poradí vydania 3., vyd.
260 ## - VYDAVATEĽSKÉ ÚDAJE, DISTRIBÚCIA ATĎ.
Miesto publikovania, distribúcie atď. Praha
Názov vydavateľa, distibútora atď. Mladá fronta
Dátum publikovania, distribúcie atď. 1990
300 ## - FYZICKÝ POPIS
Rozsah 142, [1] s.
Rozmery 21 cm
700 1# - PRIDANÝ VSTUP – OSOBNÉ MENO
Osobné meno Velčovský, Josef
Kód roly ill
958 ## - Formálny deskriptor
Formálny deskriptor A
Holdings
Stav stiahnutia (Blokovanie) (Withrawn status) Stav straty Stav poškodenia (Damaged status) Nie pre výpožičky (Not for loan) Spôsob nadobudnutia (Collection code) Trvalé umiestnenie Aktuálne umiestnenie Dátum nadobudnutia Náklady, bežná kúpna cena Inventárne číslo (prírastkové číslo) Full call number Dátum posledného výskytu Cena s účinnosťou od Typ jednotky Koha
        Kúpa Mestská knižnica Giraltovce Mestská knižnica Giraltovce 2019-11-29 9.00 11309 B 5444 2019-11-29 2019-11-29 Krásna literatúra pre dospelých

Powered by Koha